1419 1895 1581 1723 1129 1372 1293 1899 1935 1049 1262 1991 1120 1511 1773 1547 1617 1792 1821 1850 1208 1774 1451 1172 1974 1384 1149 1809 1163 1396 1948 1126 1384 1762 1431 1153 1834 1141 1599 1670 1535 1808 1429 1954 1937 1527 1292 1449 1572 1880 1822 1643 1961 1940 1097 1131 1663 1316 1557 1684 1620 1378 1865 1588 1037 1440 1502 1514 1867 1021 1062 1596 1093 1818 1182 1143 1712 1715 1347 1013 1771 1243 1537 1735 1211 1367 1911 2000 1876 1653 1318 1861 1317 1608 1879 1049 1075 1923 1050 BCNSPRNW ULIB Ver.6.0+V

เปลี่ยนเป็นภาษาไทย

Change to English
 แสดงรายละเอียดบรรณานุกรม
  กลับหน้าหลัก

Brief Record : Get Marc (ISO 2709) : E-mail record : QR code < ปิดหน้าต่าง
LEADER : 00000nas 2200000uu 4500
001    13399122411
003     ULIB
008    020711s|||| th a 000 0 tha d
020    19068212
110    กรมอนามัย
245    วารสารสุขาภิบาลอาหารและน้ำ(วิทยาเขตนครสวรรค์)/^cกรมอนามัย
260    นนทบุรี :^bกรมอนามัย
310    ^aรายสี่เดือน
850 ^a ULIB:campus^bปีที่ 4 ฉบับที่ 1 ;ปีที่ 4 ฉบับที่ 1 ฉ.2 ;ปีที่ 4 ฉบับที่ 1 ฉ.3 ;ปีที่ 4 ฉบับที่ 2 ;ปีที่ 5 ฉบับที่ 1 ;ปีที่ 7 ฉบับที่ 2 ฉ.1
945    ^p0^l0^i800473
945    ^p0^l0^i800474
945    ^p0^l0^i800475
945    ^p0^l0^i800590
945    ^p0^l0^i800839
945    ^p0^l0^i801675
999    ^aทศพร เกษรทอง
รายการนี้ยังไม่มีแท็ก
คุณยังไม่ได้ล็อกอิน คุณสามารถมีกิจกรรมร่วมกับเว็บไซต์ได้ แต่ต้องล็อกอินก่อน ::
  ล็อกอิน

รายการสื่อสารสนเทศ (วารสาร)

ดูแบบ: กล่อง รายการ
ARRIVED
ปีที่ 4 ฉบับที่ 1
สถานที่: ห้องสมุดวิทยาเขตสวรรค์ประชารักษ์ >วารสาร
ARRIVED
ปีที่ 4 ฉบับที่ 2
สถานที่: ห้องสมุดวิทยาเขตสวรรค์ประชารักษ์ >วารสาร
ARRIVED
ปีที่ 5 ฉบับที่ 1
สถานที่: ห้องสมุดวิทยาเขตนครสวรรค์ >วารสาร
ARRIVED
ปีที่ 7 ฉบับที่ 2 ฉ.1
สถานที่: ห้องสมุดวิทยาเขตนครสวรรค์ >วารสาร

BibComment


ยังไม่เคยถูกคอมเมนท์

คอมเมนท์ทรัพยากรรายการนี้
  คอมเมนท์: วารสารสุขาภิบาลอา..


 Copyright 2026. Bcnsprnw @Library